书目信息 |
| 题名: |
实用建筑、结构、设备、电气施工图集
|
|
| 作者: | 闫立红 主编 | |
| 分册: | ||
| 出版信息: | 北京 中国电力出版社 2004.1 |
|
| 页数: | 220页 | |
| 开本: | 21×30cm | |
| 丛书名: | ||
| 单 册: | ||
| 中图分类: | TU2 , TU204 | |
| 科图分类: | ||
| 主题词: | 建筑制图--识图法 , 建筑制图 , 识图法 | |
| 电子资源: | ||
| ISBN: | 7-5083-1899-4 | |
| 000 | 00748nam0 2200253 45 | |
| 001 | 012004000000 | |
| 005 | 20160429094758.81 | |
| 010 | @a7-5083-1899-4@dCNY 27.00 | |
| 100 | @a20040910e20042004em y0chiy0121 ea | |
| 101 | 0 | @achi |
| 102 | @aCN@b110000 | |
| 105 | @aaf z 000yy | |
| 200 | 1 | @a实用建筑、结构、设备、电气施工图集@Ashi yong jian zhu jie gou she bei dian qi shi gong tu ji@f闫立红主编 |
| 210 | @a北京@c中国电力出版社@d2004.1@h2004.4重印 | |
| 215 | @a220页@c图@d21×30cm | |
| 320 | @a本书含附图和参考文献 | |
| 606 | 0 | @a建筑制图@x识图法 |
| 606 | 0 | @a建筑制图 |
| 606 | 0 | @a识图法 |
| 690 | @aTU2@v4 | |
| 690 | @aTU204@v3 | |
| 701 | 0 | @a闫立红@Ayan li hong@4主编 |
| 801 | 0 | @aCN@bQSSKt@c20041021 |
| 905 | @a10447@dTU204@eY031.91 | |
| 实用建筑、结构、设备、电气施工图集/闫立红主编.-北京:中国电力出版社,2004.1(2004.4重印) |
| 220页:图;21×30cm |
| ISBN 7-5083-1899-4:CNY 27.00 |
| ● |
| 相关链接 |
|
|
|
正题名:实用建筑、结构、设备、电气施工图集
索取号:TU204/Y031.91
 
预约/预借
| 序号 | 登录号 | 条形码 | 馆藏地/架位号 | 状态 | 备注 |
| 1 | 1222672 | 212226722 | 管理学院资料室/ [索取号:TU204/Y031.91] | 在馆 | |
| 2 | 421954 | 204219540 | 建筑库101/101建筑库 109排4列1层/ [索取号:TU204/Y031.91] | 在馆 | |
| 3 | 421955 | 204219559 | 建筑库101/101建筑库 109排4列1层/ [索取号:TU204/Y031.91] | 在馆 | |
| 4 | 421956 | 204219568 | 管理学院资料室/ [索取号:TU204/Y031.91] | 在馆 |